Mathematical Analysis

Saved in:
Bibliographic Details
Main Author: Hatton, M.D
Format: Book
Language:English
Published: London Hodder and Stoughton 1977
Edition:1. ed.
Tags: Add Tag
No Tags, Be the first to tag this record!

MARC

LEADER 00000nam a2200000 4500
001 c024243
005 20221220102208.7
041 0 |a eng 
044 |a GB 
245 1 0 |a Mathematical Analysis  |c M.D. Hatton 
250 |a 1. ed. 
264 1 |a London  |b Hodder and Stoughton  |c 1977 
300 |a 242 s. 
100 1 |a Hatton, M.D.